MARC

LEADER 00000nab a2200000 r4500
001 vtls011778563
003 SK-MaSNL
005 20260303215220.0
008 180913c2018 xo sr|p|||||||000 b|slo
015 |a SNBRB2018/09 
038 |a PPPK 
040 |a PPPKCL  |b slo  |e rda 
041 0 |a slo 
043 |a e-xo--- 
044 |a xo  |c SK 
072 7 |a 616  |x Patológia. Klinická medicína  |2 konspekt 
080 |a 616-053.2  |2 2011 
080 |a 616-036.886-053.2  |2 2011 
080 |a 616-71/-78-053.2  |2 2011 
080 |a 7.078  |2 2011 
100 1 |a Michalčíková, Veronika  |4 aut  |9 1087216 
245 1 0 |a Nemocnica dostala monitory dychu  |c Veronika Michalčíková 
336 |a text  |b txt  |2 rdacontent 
337 |a bez média  |b n  |2 rdamedia 
338 |a zväzok  |b nc  |2 rdacarrier 
610 2 7 |a Nadácia Križovatka  |2 pppkcl  |9 1095810 
610 2 7 |a Nemocnica Dr. Vojtecha Alexandra (Kežmarok, Slovensko).  |b Novorodenecké oddelenie  |2 pppkcl  |9 1092856 
650 0 7 |a zdravotníctvo  |2 pppkcl  |9 1269 
650 0 7 |a novorodenci  |2 pppkcl  |9 1225 
650 0 7 |a syndróm náhleho úmrtia dojčaťa  |2 pppkcl  |9 907248 
650 0 7 |a BabySenseII (monitor dýchania)  |2 pppkcl  |9 1055030 
650 0 7 |a lekárske prístroje  |2 pppkcl  |9 69799 
650 0 7 |a apnoe  |2 pppkcl  |9 24855 
650 0 7 |a sponzorstvo  |2 pppkcl  |9 2904 
651 7 |a Kežmarok (Slovensko)  |2 pppkcl  |9 26808 
773 0 |t Noviny Kežmarok : kultúrno-spoločenský mesačník mesta  |g Roč. 3, č. 8 (2018), s. 4  |x 2453-7608 
852 |a PPPK  |b KIS3GCP 
999 |c 2220521  |d 2222451